[Event "Titled Tuesday intern op 13th Feb Late"]
[Site "Chess.com INT"]
[Date "2024.02.13"]
[Round "4"]
[White "Kandil, Adham"]
[Black "De Souza, Arthur Olintho"]
[Result "1-0"]
[WhiteElo "2311"]
[BlackElo "2113"]
[PlyCount "29"]
[EventDate "2024.02.13"]
[EventType "swiss (blitz)"]
[EventRounds "11"]
[EventCountry "USA"]
[SourceTitle "CB08_2024"]
[SourceDate "2024.02.21"]
[SourceVersion "1"]
[SourceVersionDate "2024.02.21"]
[SourceQuality "1"]

1. e4 c5 2. Nf3 d6 3. d4 cxd4 4. Nxd4 Nf6 5. Nc3 g6 6. f3 Bg7 7. Be3 0-0 8. Qd2 Nc6 9. 0-0-0 d5 10. Qe1 e5 11. Nxc6 bxc6 12. Bc5 Re8 13. Bc4 Qa5 14. Nxd5 cxd5 15. Qxa5 1-0

[Event "Titled Tuesday intern op 13th Feb Late"]
[Site "Chess.com INT"]
[Date "2024.02.13"]
[Round "11"]
[White "Payne, Matthew"]
[Black "Kandil, Adham"]
[Result "1-0"]
[WhiteElo "2089"]
[BlackElo "2311"]
[PlyCount "103"]
[EventDate "2024.02.13"]
[EventType "swiss (blitz)"]
[EventRounds "11"]
[EventCountry "USA"]
[SourceTitle "CB08_2024"]
[SourceDate "2024.02.21"]
[SourceVersion "1"]
[SourceVersionDate "2024.02.21"]
[SourceQuality "1"]

1. e4 e5 2. Nf3 Nc6 3. Bc4 Bc5 4. c3 Nf6 5. d4 exd4 6. e5 d5 7. Bb5 Ne4 8. cxd4 Bb6 9. Nc3 0-0 10. Be3 Bg4 11. Qc2 Bf5 12. Qb3 Na5 13. Qxd5 Qxd5 14. Nxd5 c6 15. Nxb6 axb6 16. Be2 Rfd8 17. b4 Nb3 18. Rb1 Nbd2 19. Nxd2 Nxd2 20. Kxd2 Rxa2+ 21. Kc3 Bxb1 22. Bc4 Rc2+ 23. Kb3 b5 24. Bd3 Rc1 25. Bxh7+ Bxh7 26. Rxc1 Ra8 27. d5 cxd5 28. Rc7 Bd3 29. Rxb7 Bc4+ 30. Kb2 Ra2+ 31. Kb1 Re2 32. Re7 Kh7 33. Bc5 Kg6 34. g3 Rd2 35. Rd7 Kf5 36. Rxf7+ Kxe5 37. Rxg7 d4 38. Re7+ Kf5 39. Rd7 d3 40. Be3 Re2 41. Kc1 Ke4 42. Rd4+ Kf3 43. Rf4+ Kg2 44. h4 Rc2+ 45. Kd1 Kf1 46. h5 Re2 47. h6 Bb3+ 48. Kc1 Ke1 49. h7 Rxe3 50. h8Q d2+ 51. Kb2 Re2 52. Qh1# 1-0

[Event "Cairo Al Ain op"]
[Site "Cairo"]
[Date "2023.11.30"]
[Round "6"]
[White "Kandil, Adham"]
[Black "Elnasri, Mohammed"]
[Result "1-0"]
[WhiteElo "2331"]
[BlackElo "1942"]
[PlyCount "59"]
[EventDate "2023.11.27"]
[EventType "swiss"]
[EventRounds "10"]
[EventCountry "EGY"]
[SourceTitle "CB49_2023"]
[SourceDate "2023.12.06"]
[SourceVersion "1"]
[SourceVersionDate "2023.12.06"]
[SourceQuality "1"]

1. e4 c5 2. Nf3 d6 3. d4 cxd4 4. Nxd4 Nf6 5. Nc3 a6 6. Bg5 e6 7. Qd2 Be7 8. f3 0-0 9. 0-0-0 b5 10. h4 Bb7 11. a3 Nbd7 12. Kb1 Rc8 13. g4 d5 14. Bxf6 Nxf6 15. g5 Nh5 16. Bh3 b4 17. Nxd5 bxa3 18. Nxe6 fxe6 19. Bxe6+ Kh8 20. Bxc8 Bxd5 21. exd5 Qb6 22. b3 Bb4 23. Qd4 a2+ 24. Kxa2 Qa5+ 25. Kb1 Bc3 26. Qa4 Qc5 27. d6 Rxc8 28. d7 Rd8 29. Rhe1 Be5 30. Qe4 1-0

[Event "Cairo Al Ain op"]
[Site "Cairo"]
[Date "2023.11.27"]
[Round "1"]
[White "Alaa Eldin, Raghad"]
[Black "Kandil, Adham"]
[Result "0-1"]
[WhiteElo "1194"]
[BlackElo "2331"]
[PlyCount "66"]
[EventDate "2023.11.27"]
[EventType "swiss"]
[EventRounds "10"]
[EventCountry "EGY"]
[SourceTitle "CB49_2023"]
[SourceDate "2023.12.06"]
[SourceVersion "1"]
[SourceVersionDate "2023.12.06"]
[SourceQuality "1"]

1. e4 c5 2. Nf3 d6 3. d4 cxd4 4. Nxd4 Nf6 5. Nc3 a6 6. Bd3 g6 7. 0-0 Bg7 8. h3 0-0 9. Be3 b5 10. Qe2 Bb7 11. a3 Nbd7 12. Nf3 Rc8 13. Rfe1 Qc7 14. Rad1 Rfe8 15. Nd2 Nc5 16. Bxc5 dxc5 17. Qe3 Nd7 18. Nf3 c4 19. Be2 e6 20. Nd4 Bf8 21. Rd2 Bc5 22. Qh6 Nf6 23. Qh4 Kg7 24. Nf3 h6 25. e5 Nh7 26. Qg3 Red8 27. Red1 Rxd2 28. Rxd2 Qb6 29. Nh4 Ng5 30. Qf4 Kg8 31. Rd7 Qc6 32. Rd1 Nxh3+ 33. gxh3 Qh1# 0-1

[Event "Africa-ch"]
[Site "Giza"]
[Date "2023.05.12"]
[Round "8"]
[White "Kandil, Adham"]
[Black "Amin, Bassem"]
[Result "0-1"]
[WhiteElo "2280"]
[BlackElo "2691"]
[PlyCount "84"]
[EventDate "2023.05.06"]
[EventType "swiss"]
[EventRounds "9"]
[EventCountry "EGY"]
[SourceTitle "CBM 214 Extra"]
[Source "ChessBase"]
[SourceDate "2023.07.31"]
[SourceVersion "1"]
[SourceVersionDate "2023.07.31"]
[SourceQuality "1"]

1. e4 e5 2. Nf3 Nc6 3. Bc4 Bc5 4. c3 Nf6 5. d3 a6 6. 0-0 d6 7. a4 Ba7 8. Re1 0-0 9. h3 h6 10. Nbd2 Re8 11. b4 Be6 12. Bxe6 Rxe6 13. Bb2 Qd7 14. Qb1 Nh5 15. Nf1 Rf6 16. Qd1 Nf4 17. d4 exd4 18. cxd4 Nxb4 19. Ra3 d5 20. Ne5 Qe7 21. Ng3 dxe4 22. Rxe4 Nbd5 23. Rf3 Re8 24. Bc1 Qd8 25. Ng4 Rfe6 26. Rxe6 Nxe6 27. Nf5 Kf8 28. Qd3 Ng5 29. Ba3+ c5 30. dxc5 Nxf3+ 31. Qxf3 Re1+ 32. Kh2 Re6 33. Bb2 f6 34. Ba3 a5 35. c6+ Nb4 36. Ngxh6 Qc7+ 37. g3 gxh6 38. Bc1 Ke8 39. Bf4 Qxc6 40. Qh5+ Kd8 41. Nxh6 Qc5 42. Qd1+ Qd4 0-1

[Event "Online Olym Div Top-B"]
[Site "Chess.com INT"]
[Date "2021.09.08"]
[Round "1.4"]
[White "Praggnanandhaa, Rameshbabu"]
[Black "Kandil, Adham"]
[Result "1-0"]
[WhiteElo "2617"]
[BlackElo "2342"]
[PlyCount "45"]
[EventDate "2021.09.08"]
[EventType "team (rapid)"]
[EventRounds "9"]
[EventCountry "USA"]
[SourceTitle "CBM 204 Extra"]
[Source "ChessBase"]
[SourceDate "2021.11.30"]
[SourceVersion "1"]
[SourceVersionDate "2021.11.30"]
[SourceQuality "1"]
[WhiteTeam "India"]
[BlackTeam "Egypt"]
[WhiteTeamCountry "IND"]
[BlackTeamCountry "EGY"]

1. Nf3 Nf6 2. b3 c5 3. Bb2 e6 4. e3 Be7 5. c4 0-0 6. Nc3 d5 7. cxd5 exd5 8. d4 Nc6 9. Be2 cxd4 10. Nxd4 Bc5 11. Nxc6 bxc6 12. 0-0 Qe7 13. Rc1 Bd6 14. Na4 Bd7 15. Qd4 Qe4 16. Nc5 Qxd4 17. Bxd4 Bxc5 18. Rxc5 Ne4 19. Ra5 Nd6 20. Ra6 Nb5 21. Bc5 Rfc8 22. Rc1 Rc7 23. a4 1-0

[Event "Arab Cities"]
[Site "Hammamet"]
[Date "2020.03.05"]
[Round "3.2"]
[White "Dawabsha, Taha"]
[Black "Kandil, Adham"]
[Result "0-1"]
[WhiteElo "1892"]
[BlackElo "2273"]
[PlyCount "108"]
[EventDate "2020.03.03"]
[EventType "team"]
[EventRounds "5"]
[EventCountry "TUN"]
[SourceTitle "CBM 195 Extra"]
[Source "ChessBase"]
[SourceDate "2020.05.31"]
[SourceVersion "1"]
[SourceVersionDate "2020.05.31"]
[SourceQuality "1"]
[WhiteTeam "Palestine"]
[BlackTeam "Cairo"]
[WhiteTeamCountry "PLE"]
[BlackTeamCountry "EGY"]

1. e4 c5 2. Nf3 d6 3. d4 cxd4 4. Nxd4 Nf6 5. Nc3 a6 6. Rg1 g6 7. g4 Bg7 8. g5 Nfd7 9. Be3 Nc6 10. Qd2 0-0 11. 0-0-0 Qa5 12. f4 Nxd4 13. Bxd4 e5 14. fxe5 Nxe5 15. Qe3 Nc6 16. Bxg7 Kxg7 17. Rxd6 Be6 18. Nd5 Rfd8 19. Rxd8 Rxd8 20. Qc3+ Qxc3 21. Nxc3 f6 22. h4 fxg5 23. hxg5 Ne5 24. Be2 Nf7 25. Bd3 Rc8 26. Ne2 Bxa2 27. Nd4 Ne5 28. Rg3 Bf7 29. Kd2 a5 30. Be2 Kf8 31. b3 Ke7 32. Rc3 Rxc3 33. Kxc3 Be8 34. Kd2 Nf7 35. Nf3 Kd6 36. Kc3 Kc5 37. Bc4 Nd6 38. Bd3 Bc6 39. e5 Bxf3 40. exd6 Kxd6 41. Kd4 Bg4 42. Bc4 Be6 43. Bb5 Bf5 44. c3 Bc2 45. Bc4 b5 46. Bxb5 Bxb3 47. c4 a4 48. c5+ Ke6 49. c6 Kd6 50. Kc3 Kc7 51. Kb4 Kb6 52. c7 Kxc7 53. Be8 Kd6 54. Bb5 Ke5 0-1

[Event "African-ch U20"]
[Site "Accra"]
[Date "2019.10.26"]
[Round "1.3"]
[White "Joshan, Shunjaiy"]
[Black "Kandil, Adham"]
[Result "0-1"]
[WhiteElo "1148"]
[BlackElo "2309"]
[PlyCount "78"]
[EventDate "2019.10.26"]
[EventType "swiss"]
[EventRounds "9"]
[EventCountry "GHA"]
[SourceTitle "EXT 2024"]
[Source "ChessBase"]
[SourceDate "2023.10.10"]
[SourceVersion "1"]
[SourceVersionDate "2023.10.10"]
[SourceQuality "1"]

1. Nf3 Nf6 2. d4 e6 3. Nc3 d5 4. Bg5 c5 5. e3 Nc6 6. dxc5 h6 7. Bxf6 gxf6 8. Be2 f5 9. Qd2 Bxc5 10. Na4 Bb4 11. c3 Bd6 12. b3 Rg8 13. g3 a6 14. Nb2 b5 15. a3 Bb7 16. b4 Rc8 17. a4 bxa4 18. Rxa4 Qb6 19. Nc4 dxc4 20. Qxd6 Qb5 21. Ra3 Rd8 22. Qc5 Qxc5 23. bxc5 Na7 24. 0-0 Nb5 25. c6 Nxa3 26. cxb7 Rb8 27. Ra1 Nb5 28. Rxa6 Ke7 29. Rb6 Nd6 30. Nd4 Rxb7 31. Rxb7+ Nxb7 32. Bxc4 Nd6 33. Bd3 Rc8 34. Ne2 Ra8 35. Kg2 e5 36. f3 Ra2 37. e4 fxe4 38. fxe4 f5 39. Kf2 fxe4 0-1

[Event "Titled Tuesday intern op 3rd Sept"]
[Site "Chess.com INT"]
[Date "2019.09.03"]
[Round "9"]
[White "Kandil, Adham"]
[Black "Gubajdullin, Alexey"]
[Result "0-1"]
[WhiteElo "2309"]
[BlackElo "2345"]
[PlyCount "72"]
[EventDate "2019.09.03"]
[EventType "swiss (blitz)"]
[EventRounds "10"]
[EventCountry "USA"]
[SourceTitle "EXT 2021"]
[Source "ChessBase"]
[SourceDate "2020.10.23"]
[SourceVersion "1"]
[SourceVersionDate "2020.10.23"]
[SourceQuality "1"]

1. e4 c6 2. d4 d5 3. exd5 cxd5 4. c4 Nf6 5. Nc3 e6 6. Nf3 Bb4 7. cxd5 Nxd5 8. Bd2 Nc6 9. Bc4 Nf6 10. 0-0 0-0 11. a3 Be7 12. Bg5 h6 13. Bh4 Nh5 14. Bxe7 Nxe7 15. Ne5 Nf4 16. Qd2 Neg6 17. Nxg6 fxg6 18. Rad1 b5 19. Bxb5 Bb7 20. f3 Qg5 21. Bc4 Rad8 22. Ne4 Bxe4 23. fxe4 Rxd4 24. Bxe6+ Kh7 25. Qc2 Rxd1 26. Rxd1 Nh3+ 27. Kh1 Nf2+ 28. Kg1 Nxd1 29. Qxd1 Qe3+ 30. Kh1 Qxe4 31. Bb3 Re8 32. h3 Qf4 33. Bc4 Qxc4 34. Qd7 Qc1+ 35. Kh2 Qf4+ 36. g3 Qf2+ 0-1

[Event "Wch U18"]
[Site "Porto Carras"]
[Date "2018.10.22"]
[Round "4"]
[White "Kadianis, Georgios"]
[Black "Kandil, Adham"]
[Result "1-0"]
[WhiteElo "1928"]
[BlackElo "2292"]
[PlyCount "61"]
[EventDate "2018.10.20"]
[EventType "swiss"]
[EventRounds "11"]
[EventCountry "GRE"]
[SourceTitle "CBM 187 Extra"]
[Source "ChessBase"]
[SourceDate "2018.11.04"]
[SourceVersion "1"]
[SourceVersionDate "2018.11.04"]
[SourceQuality "1"]

1. e4 c5 2. Nc3 d6 3. g3 g6 4. Bg2 Bg7 5. d3 Nc6 6. Be3 Nd4 7. Qd2 e5 8. Nd5 Be6 9. c3 Bxd5 10. cxd4 cxd4 11. Bg5 f6 12. exd5 fxg5 13. Bh3 Qb6 14. Be6 g4 15. Kf1 Bh6 16. Qc2 Nf6 17. h3 gxh3 18. Rxh3 Bg7 19. Rc1 Kd8 20. Nf3 Ne8 21. Ng5 Ke7 22. Nxh7 Qa5 23. b4 Qa3 24. Qd2 Bf6 25. Nxf6 Rxh3 26. Ng8+ Kf8 27. Bxh3 Kxg8 28. Be6+ Kg7 29. Kg2 Kf6 30. Qh6 Ng7 31. Qh4+ 1-0

[Event "Titled Tuesday intern op 3rd April"]
[Site "Chess.com INT"]
[Date "2018.04.03"]
[Round "5"]
[White "Nielsen, Hogni Egilstoft"]
[Black "Kandil, Adham"]
[Result "1-0"]
[WhiteElo "2386"]
[BlackElo "2244"]
[PlyCount "45"]
[EventDate "2018.04.03"]
[EventType "swiss (blitz)"]
[EventRounds "10"]
[EventCountry "USA"]
[SourceTitle "EXT 2021"]
[Source "ChessBase"]
[SourceDate "2020.10.23"]
[SourceVersion "1"]
[SourceVersionDate "2020.10.23"]
[SourceQuality "1"]

1. e4 c5 2. Nf3 d6 3. Bb5+ Bd7 4. Bxd7+ Qxd7 5. c4 Nc6 6. d4 cxd4 7. Nxd4 Nf6 8. Nc3 g6 9. f3 Bg7 10. Be3 0-0 11. 0-0 a6 12. a4 Rac8 13. b3 Rfd8 14. Nde2 e6 15. Bb6 Re8 16. Qd2 Qe7 17. Rfd1 Nd7 18. Be3 Nc5 19. Rab1 Red8 20. b4 Nd7 21. Qxd6 Qf6 22. Qg3 Nde5 23. Bg5 1-0

[Event "Chennai op 10th"]
[Site "Chennai"]
[Date "2018.01.24"]
[Round "9"]
[White "Kandil, Adham"]
[Black "Barath, Kalyan M"]
[Result "1/2-1/2"]
[WhiteElo "2294"]
[BlackElo "2022"]
[PlyCount "171"]
[EventDate "2018.01.18"]
[EventType "swiss"]
[EventRounds "10"]
[EventCountry "IND"]
[SourceTitle "CBM 182 Extra"]
[Source "ChessBase"]
[SourceDate "2018.02.23"]
[SourceVersion "1"]
[SourceVersionDate "2018.02.23"]
[SourceQuality "1"]

1. e4 c5 2. Nf3 e6 3. d4 cxd4 4. Nxd4 a6 5. Bd3 Nc6 6. Nxc6 dxc6 7. 0-0 e5 8. Nd2 Nf6 9. Nc4 Bg4 10. Qe1 Nd7 11. a4 b5 12. Ne3 Be6 13. b4 Be7 14. Nf5 Bxf5 15. exf5 0-0 16. Bd2 Bf6 17. Be4 Rc8 18. axb5 axb5 19. Qe2 Nb6 20. Be3 Nd5 21. Rfd1 Nc3 22. Qf3 Nxd1 23. Rxd1 Qc7 24. Rc1 Rfd8 25. c4 bxc4 26. Rxc4 Qb7 27. g3 Qb5 28. Qe2 Be7 29. Qc2 Bxb4 30. Bxc6 Rd1+ 31. Qxd1 Qxc4 32. Bd5 Qc2 33. Qh5 Qc7 34. Qd1 Bc5 35. Bxc5 Qxc5 36. Qb3 Qe7 37. Kg2 Rd8 38. Qc4 Qd7 39. Be4 Qd4 40. Qc6 h5 41. h4 Rb8 42. Bc2 Qb6 43. Qd5 Qb7 44. Qxb7 Rxb7 45. Bd1 g6 46. fxg6 fxg6 47. Bc2 Kg7 48. Be4 Rb4 49. Kf3 Kf6 50. Ke3 g5 51. hxg5+ Kxg5 52. Bd5 h4 53. gxh4+ Rxh4 54. Bc6 Rh3+ 55. Ke4 Kf6 56. Bb7 Rb3 57. Bc8 Rb4+ 58. Ke3 Ke7 59. Bf5 Kd6 60. Bh7 Kc5 61. Bg8 Rf4 62. Bh7 Kc4 63. Bg8+ Kc3 64. Bd5 Kc2 65. Bf3 Ra4 66. Bh5 Rh4 67. Bf3 Rh3 68. Ke4 Kd2 69. Bg4 Rh2 70. Kxe5 Rxf2 71. Bf5 Ke3 72. Be6 Rf8 73. Bd5 Kf2 74. Bb3 Kf3 75. Kd4 Ke2 76. Kc3 Rc8+ 77. Kd4 Kf3 78. Bd5+ Kf4 79. Bc4 Rd8+ 80. Kc3 Ke3 81. Kb2 Kd2 82. Ka1 Kc2 83. Be6 Ra8+ 84. Ba2 Rb8 85. Bf7 Ra8+ 86. Ba2 1/2-1/2

[Event "Mumbai Wealth op 3rd"]
[Site "Mumbai"]
[Date "2018.01.07"]
[Round "9"]
[White "Michelle, Catherina P"]
[Black "Kandil, Adham"]
[Result "0-1"]
[WhiteElo "2104"]
[BlackElo "2312"]
[PlyCount "66"]
[EventDate "2017.12.30"]
[EventType "swiss"]
[EventRounds "9"]
[EventCountry "IND"]
[SourceTitle "CBM 182 Extra"]
[Source "ChessBase"]
[SourceDate "2018.02.23"]
[SourceVersion "1"]
[SourceVersionDate "2018.02.23"]
[SourceQuality "1"]

1. e4 c5 2. Nf3 d6 3. d4 cxd4 4. Nxd4 Nf6 5. Nc3 a6 6. h3 e6 7. g4 d5 8. exd5 Nxd5 9. Nde2 Bb4 10. Bg2 Nc6 11. 0-0 Nxc3 12. Qxd8+ Nxd8 13. Nxc3 Bd7 14. Rd1 Rc8 15. Bf4 f6 16. Rd3 e5 17. Rad1 Bxc3 18. Rxd7 Bd4 19. Rxg7 Ne6 20. Rxb7 Nxf4 21. c3 Bc5 22. Bf1 a5 23. Kh2 Ng6 24. Rdd7 Rd8 25. Rdc7 Be7 26. h4 h5 27. Bg2 e4 28. Rc6 Bd6+ 29. Kg1 Ne5 30. Ra6 Nf3+ 31. Kf1 hxg4 32. Rg7 Bf4 33. Raa7 Rd1+ 0-1

[Event "Mumbai Wealth op 3rd"]
[Site "Mumbai"]
[Date "2018.01.05"]
[Round "7"]
[White "Soham, Datar"]
[Black "Kandil, Adham"]
[Result "0-1"]
[WhiteElo "2029"]
[BlackElo "2312"]
[PlyCount "162"]
[EventDate "2017.12.30"]
[EventType "swiss"]
[EventRounds "9"]
[EventCountry "IND"]
[SourceTitle "CBM 182 Extra"]
[Source "ChessBase"]
[SourceDate "2018.02.23"]
[SourceVersion "1"]
[SourceVersionDate "2018.02.23"]
[SourceQuality "1"]

1. Nf3 Nf6 2. c4 g6 3. g3 d5 4. cxd5 Nxd5 5. Bg2 Bg7 6. Nc3 Nb6 7. 0-0 Nc6 8. d3 0-0 9. Be3 e5 10. b4 Re8 11. Rb1 Nd4 12. a4 c6 13. Re1 h6 14. b5 Kh7 15. bxc6 Nxc6 16. Qb3 f5 17. Nd2 Nd4 18. Qd1 f4 19. Bxd4 exd4 20. Nce4 fxg3 21. hxg3 Re5 22. Rb5 Bd7 23. Rxe5 Bxa4 24. Qb1 Bxe5 25. Nc4 Bg7 26. Nc5 Bc6 27. Ne6 Qf6 28. Nxb6 axb6 29. Bxc6 bxc6 30. Nxg7 c5 31. Ne6 Qxe6 32. e3 dxe3 33. Rxe3 Qf6 34. Qb5 Rf8 35. Re2 Rf7 36. Rb2 Rb7 37. Ra2 Re7 38. Rb2 Qf3 39. Rb1 Rf7 40. Rb2 Re7 41. Rb1 h5 42. Qxb6 Qxd3 43. Rc1 Qd5 44. Qf6 Rf7 45. Qc3 Rc7 46. Re1 Qf7 47. Re5 c4 48. Qc2 Kg8 49. Re3 Kg7 50. Kf1 Qf6 51. Rc3 Qd4 52. Kg1 Kh7 53. Kg2 Qd5+ 54. f3 Qd4 55. f4 Qd5+ 56. Kh2 Kh6 57. Re3 Rd7 58. Qc3 Kh7 59. Re8 Qd2+ 60. Qxd2 Rxd2+ 61. Kh3 c3 62. Rc8 Rc2 63. Kh4 Kh6 64. Rh8+ Kg7 65. Rc8 Kf6 66. Rc6+ Kf5 67. Rc5+ Ke4 68. Rc6 Kd5 69. Rc8 Kd4 70. Rd8+ Ke3 71. Rc8 Kf3 72. Rc6 Rc1 73. Rc8 c2 74. Rc3+ Ke4 75. Kg5 h4 76. Kxh4 Rh1+ 77. Kg5 c1Q 78. Rxc1 Rxc1 79. Kxg6 Rg1 80. f5 Rxg3+ 81. Kf6 Rf3 0-1

[Event "Africa-ch U16"]
[Site "Cairo"]
[Date "2017.12.05"]
[Round "4.2"]
[White "Kandil, Adham"]
[Black "Van der Meer, Anthony"]
[Result "1-0"]
[WhiteElo "2312"]
[BlackElo "1089"]
[PlyCount "37"]
[EventDate "2017.12.03"]
[EventType "swiss"]
[EventRounds "9"]
[EventCountry "EGY"]
[SourceTitle "EXT 2024"]
[Source "ChessBase"]
[SourceDate "2023.10.10"]
[SourceVersion "1"]
[SourceVersionDate "2023.10.10"]
[SourceQuality "1"]

1. e4 c5 2. Nf3 Nc6 3. d4 cxd4 4. Nxd4 Qb6 5. Nb3 Nf6 6. Nc3 e6 7. Be3 Qc7 8. a3 a6 9. Be2 Be7 10. 0-0 0-0 11. f4 d6 12. Kh1 b5 13. Bf3 Bb7 14. Qe1 Rfd8 15. Qf2 Qb8 16. Rad1 b4 17. axb4 Nxb4 18. Na5 Bxe4 19. Nxe4 1-0

[Event "Mersin op 2nd"]
[Site "Mersin"]
[Date "2017.10.25"]
[Round "5"]
[White "Kandil, Adham"]
[Black "Gunduz, Umut Erdem"]
[Result "1/2-1/2"]
[WhiteElo "2345"]
[BlackElo "2130"]
[PlyCount "93"]
[EventDate "2017.10.22"]
[EventType "swiss"]
[EventRounds "9"]
[EventCountry "TUR"]
[SourceTitle "CBM 181 Extra"]
[Source "ChessBase"]
[SourceDate "2017.12.12"]
[SourceVersion "1"]
[SourceVersionDate "2017.12.12"]
[SourceQuality "1"]

1. Nf3 Nf6 2. g3 b5 3. Bg2 Bb7 4. 0-0 e6 5. d3 Be7 6. Nbd2 0-0 7. e4 d6 8. Qe2 c5 9. Rd1 Qc7 10. d4 cxd4 11. Nxd4 a6 12. a4 Nc6 13. N4b3 b4 14. a5 Rac8 15. Nf3 Rfe8 16. Be3 Ne5 17. Nxe5 dxe5 18. Rac1 Qc4 19. Qxc4 Rxc4 20. Nd2 Rc6 21. b3 Ng4 22. Nc4 Nxe3 23. fxe3 Rc5 24. Kf2 Bc6 25. Rd2 Bd8 26. Bf1 Bc7 27. Bd3 Kf8 28. Rdd1 Ke7 29. c3 Rb8 30. cxb4 Rxb4 31. Nd2 Rxc1 32. Rxc1 Kd7 33. Bxa6 Bxa5 34. Bc8+ Kxc8 35. Rxc6+ Kb7 36. Rc5 Bc7 37. Rc3 f5 38. Ke2 Rb5 39. Nc4 g5 40. Kd3 h5 41. Kc2 f4 42. exf4 exf4 43. gxf4 Bxf4 44. Kb2 Bxh2 45. Rh3 Be5+ 46. Nxe5 Rxe5 47. Rxh5 1/2-1/2

[Event "Mersin op 2nd"]
[Site "Mersin"]
[Date "2017.10.24"]
[Round "4"]
[White "Zeynalov, Rashad"]
[Black "Kandil, Adham"]
[Result "1-0"]
[WhiteElo "2243"]
[BlackElo "2345"]
[PlyCount "133"]
[EventDate "2017.10.22"]
[EventType "swiss"]
[EventRounds "9"]
[EventCountry "TUR"]
[SourceTitle "CBM 181 Extra"]
[Source "ChessBase"]
[SourceDate "2017.12.12"]
[SourceVersion "1"]
[SourceVersionDate "2017.12.12"]
[SourceQuality "1"]

1. e4 c5 2. Nf3 d6 3. d4 cxd4 4. Nxd4 Nf6 5. Nc3 a6 6. Be3 e5 7. Nb3 Be6 8. f3 Be7 9. Qd2 0-0 10. 0-0-0 Nbd7 11. g4 b5 12. g5 Nh5 13. Ne2 Nb6 14. Na5 Rc8 15. Ng3 Nf4 16. h4 d5 17. Nf5 Bxf5 18. exf5 Qc7 19. Rh2 Bc5 20. Bxc5 Qxc5 21. Nb3 Qc7 22. Qa5 Qb7 23. f6 gxf6 24. gxf6 Kh8 25. Bh3 Nxh3 26. Rxh3 Qc6 27. Qd2 Qxf6 28. Qg5 Qe6 29. Nc5 Qd6 30. b4 f6 31. Qh6 Rg8 32. Ne4 Qc7 33. Qxf6+ Rg7 34. Nc5 Nd7 35. Qxg7+ Kxg7 36. Ne6+ Kf6 37. Nxc7 Rxc7 38. Rxd5 Ke6 39. Rd3 Nf6 40. Rg3 Rc4 41. Ra3 Rxh4 42. Rxa6+ Kf5 43. Rg7 Rf4 44. a4 h5 45. axb5 h4 46. Rf7 Kg6 47. Rfxf6+ Rxf6 48. Rxf6+ Kxf6 49. b6 h3 50. b7 h2 51. b8Q h1Q+ 52. Kb2 Qd1 53. Qb6+ Kf5 54. Qe3 Qh1 55. b5 Qh8 56. Qe4+ Ke6 57. f4 Qf8 58. fxe5 Qd8 59. Qd3 Qa5 60. Qb3+ Kd7 61. e6+ Ke8 62. b6 Qe5+ 63. c3 Ke7 64. b7 Qh2+ 65. Ka3 Qb8 66. Qb6 Kf6 67. Kb3 1-0

[Event "Alexandria op 22nd"]
[Site "Alexandria"]
[Date "2017.08.06"]
[Round "6"]
[White "Kandil, Adham"]
[Black "Hesham, Abdelrahman"]
[Result "1-0"]
[WhiteElo "2263"]
[BlackElo "2386"]
[PlyCount "111"]
[EventDate "2017.08.02"]
[EventType "swiss"]
[EventRounds "10"]
[EventCountry "EGY"]
[SourceTitle "CBM 180 Extra"]
[Source "ChessBase"]
[SourceDate "2017.10.06"]
[SourceVersion "1"]
[SourceVersionDate "2017.10.06"]
[SourceQuality "1"]

1. e4 e5 2. Nf3 Nc6 3. Bb5 Nf6 4. 0-0 Be7 5. Re1 d6 6. c3 0-0 7. d4 Bd7 8. dxe5 Nxe5 9. Bxd7 Qxd7 10. Nd4 Rfe8 11. Bg5 h6 12. Bh4 Ng6 13. Bg3 Bf8 14. Nd2 c5 15. Nf5 d5 16. Qf3 dxe4 17. Nxe4 Nxe4 18. Rxe4 Rxe4 19. Qxe4 Re8 20. Qc2 Ne5 21. Rd1 Qe6 22. Qe4 Nc4 23. Qxe6 Rxe6 24. b3 Nb2 25. Rb1 c4 26. Ne3 Nd3 27. bxc4 Nc5 28. Kf1 Ra6 29. Rb2 Ra3 30. Nd5 Ra4 31. Ne3 Ne4 32. Rxb7 Rxa2 33. Rb8 a5 34. Nd5 f5 35. c5 Nxc5 36. Bd6 Ne6 37. c4 a4 38. c5 a3 39. Bxf8 Rb2 40. Bd6+ Rxb8 41. Bxb8 a2 42. Be5 Nxc5 43. Nb4 Kf7 44. Nxa2 g6 45. Bd4 Ne4 46. Ke2 Ke6 47. Nc3 Nd6 48. Bg7 h5 49. h4 f4 50. Bh6 Nf5 51. Bg5 Ke5 52. Kd3 Ng7 53. Ne2 Ne6 54. f3 Nc5+ 55. Kc4 Ne6 56. Bh6 1-0